Dự thảo luật viên chức và "sân chơi" cho hơn 1,6 triệu viên chức /
Tallennettuna:
| Päätekijä: | |
|---|---|
| Aineistotyyppi: | Artikkeli |
| Kieli: | Vietnamese |
| Aiheet: | |
| Tagit: |
Lisää tagi
Ei tageja, Lisää ensimmäinen tagi!
|
| Thư viện lưu trữ: | Thư viện Trường Đại học Đà Lạt |
|---|
| LEADER | 00775nam a2200265 4500 | ||
|---|---|---|---|
| 001 | DLU120135268 | ||
| 005 | ##20120518 | ||
| 040 | # | # | |a DLU |b vie |
| 041 | # | # | |a vie |
| 044 | # | # | |a vn |
| 100 | # | # | |a Cao Vũ Minh. |
| 245 | # | # | |a Dự thảo luật viên chức và "sân chơi" cho hơn 1,6 triệu viên chức / |c Cao Vũ Minh. |
| 653 | # | # | |a Dự án luật |
| 653 | # | # | |a Luật viên chức |
| 653 | # | # | |a Quyền hạn |
| 773 | # | # | |t Nghiên cứu Lập pháp |g Số 12(173), 2010, tr. 38-40 |
| 920 | # | # | |a Phòng Tạp chí -- Trung tâm Thông tin - Thư viện Trường Đại học Đà Lạt |
| 994 | # | # | |a DLU |
| 900 | # | # | |a True |
| 911 | # | # | |a Nguyễn Thị Linh Chi |
| 925 | # | # | |a G |
| 926 | # | # | |a A |
| 927 | # | # | |a BB |
| 980 | # | # | |a Thư viện Trường Đại học Đà Lạt |